[Event "Cambridge op 2nd"]
[Site "Cambridge"]
[Date "2024.02.22"]
[Round "6"]
[White "Royal, Shreyas"]
[Black "Pozzari, Simone"]
[Result "1-0"]
[WhiteElo "2483"]
[BlackElo "2290"]
[PlyCount "53"]
[EventDate "2024.02.19"]
[EventType "swiss"]
[EventRounds "9"]
[EventCountry "ENG"]
[SourceTitle "CB09_2024"]
[SourceDate "2024.02.28"]
[SourceVersion "1"]
[SourceVersionDate "2024.02.28"]
[SourceQuality "1"]

1. d4 d5 2. c4 e6 3. Nf3 Nf6 4. g3 dxc4 5. Bg2 c5 6. 0-0 Nc6 7. dxc5 Qxd1 8. Rxd1 Bxc5 9. Nbd2 c3 10. bxc3 0-0 11. Nb3 Be7 12. Nfd4 Bd7 13. Nb5 Rfd8 14. Be3 Ne5 15. a4 a6 16. Bxb7 axb5 17. Bxa8 Rxa8 18. Bd4 Bd6 19. axb5 Rb8 20. Ba7 Rxb5 21. Rxd6 Rxb3 22. Bd4 Rb5 23. Ra8+ Be8 24. f4 Ned7 25. Rxd7 Nxd7 26. Rxe8+ Nf8 27. Rc8 1-0

[Event "Cambridge op 2nd"]
[Site "Cambridge"]
[Date "2024.02.21"]
[Round "4"]
[White "Jermy, Jaden"]
[Black "Pozzari, Simone"]
[Result "0-1"]
[WhiteElo "1968"]
[BlackElo "2290"]
[PlyCount "120"]
[EventDate "2024.02.19"]
[EventType "swiss"]
[EventRounds "9"]
[EventCountry "ENG"]
[SourceTitle "CB09_2024"]
[SourceDate "2024.02.28"]
[SourceVersion "1"]
[SourceVersionDate "2024.02.28"]
[SourceQuality "1"]

1. d4 d5 2. Nf3 Nf6 3. c4 e6 4. g3 Bb4+ 5. Bd2 Be7 6. Bg2 0-0 7. Qc2 c6 8. 0-0 Ne4 9. Nc3 Nxd2 10. Qxd2 dxc4 11. a4 Nd7 12. Rfd1 a5 13. Qc2 Rb8 14. Nd2 Nb6 15. e3 e5 16. dxe5 Qc7 17. f4 Bg4 18. Bf3 Be6 19. e4 Rbd8 20. Be2 f5 21. Bf3 Rd3 22. exf5 Bxf5 23. Be4 Bxe4 24. Ndxe4 Rfd8 25. b3 Qd7 26. bxc4 Qd4+ 27. Qf2 Qxf2+ 28. Kxf2 Rxd1 29. Rxd1 Rxd1 30. Nxd1 Nxa4 31. Ke3 Nc5 32. Nxc5 Bxc5+ 33. Kd3 Bg1 34. Ke4 Bxh2 35. g4 b5 36. cxb5 cxb5 37. Nc3 b4 38. Na4 Kf7 39. f5 h6 40. Nb6 Bg3 41. e6+ Ke8 42. Kd3 Bf2 43. Na4 Ke7 44. Kc4 g6 45. fxg6 Kxe6 46. Kb5 Kf6 47. Kxa5 Be1 48. Kb5 Kxg6 49. Kc4 Kg5 50. Kd3 Kxg4 51. Ke2 Bc3 52. Nc5 h5 53. Nd3 b3 54. Kf2 h4 55. Kg2 h3+ 56. Kf2 h2 57. Kg2 h1Q+ 58. Kxh1 Kf3 59. Kh2 Ke3 60. Ne5 Bxe5+ 0-1

[Event "Cambridge op 2nd"]
[Site "Cambridge"]
[Date "2024.02.20"]
[Round "3"]
[White "Pozzari, Simone"]
[Black "Pert, Nina P"]
[Result "1-0"]
[WhiteElo "2290"]
[BlackElo "2010"]
[PlyCount "69"]
[EventDate "2024.02.19"]
[EventType "swiss"]
[EventRounds "9"]
[EventCountry "ENG"]
[SourceTitle "CB09_2024"]
[SourceDate "2024.02.28"]
[SourceVersion "1"]
[SourceVersionDate "2024.02.28"]
[SourceQuality "1"]

1. e4 c6 2. d4 d5 3. e5 Bf5 4. Nd2 e6 5. Nb3 Nd7 6. Nf3 h6 7. Be2 Qc7 8. 0-0 Ne7 9. a4 c5 10. dxc5 Nc6 11. Be3 Ndxe5 12. Nxe5 Qxe5 13. Nd4 Bh7 14. Bb5 Qc7 15. c4 dxc4 16. Bf4 Qc8 17. Qf3 a6 18. Nxc6 axb5 19. Ne5 bxa4 20. Nxc4 Qc6 21. Qg3 Be4 22. Rac1 Bd5 23. Nd6+ Ke7 24. Qh4+ f6 25. Qh5 e5 26. Bxe5 g6 27. Qe2 Bg7 28. Bxf6+ Kxf6 29. Rfe1 g5 30. Qe5+ Kg6 31. Qf5+ Kh5 32. Re3 Bxg2 33. Qf7+ Kh4 34. Nf5+ Kg4 35. Rc4+ 1-0

[Event "Cambridge op 2nd"]
[Site "Cambridge"]
[Date "2024.02.19"]
[Round "1"]
[White "Pozzari, Simone"]
[Black "Homer, Stephen J"]
[Result "1-0"]
[WhiteElo "2290"]
[BlackElo "2021"]
[PlyCount "61"]
[EventDate "2024.02.19"]
[EventType "swiss"]
[EventRounds "9"]
[EventCountry "ENG"]
[SourceTitle "CB09_2024"]
[SourceDate "2024.02.28"]
[SourceVersion "1"]
[SourceVersionDate "2024.02.28"]
[SourceQuality "1"]

1. d4 Nf6 2. Bf4 b6 3. e3 Bb7 4. Nd2 d6 5. h3 g6 6. Ngf3 Bg7 7. Bd3 0-0 8. 0-0 c5 9. c3 Nc6 10. Qe2 Rc8 11. a3 Rc7 12. Rad1 Qc8 13. Bh2 Bh6 14. e4 cxd4 15. cxd4 Nh5 16. d5 Nb8 17. Nd4 Ba6 18. e5 Bxd3 19. Qxd3 dxe5 20. Bxe5 Rd7 21. Qf3 Qc5 22. Nf5 Bxd2 23. Rxd2 f6 24. Bd4 Qc4 25. b3 Qc7 26. Re1 gxf5 27. Qxh5 Rxd5 28. Bxf6 Rxf6 29. Rxd5 e6 30. Qe8+ Kg7 31. Rd8 1-0

[Event "Cambridge op 2nd"]
[Site "Cambridge"]
[Date "2024.02.19"]
[Round "2"]
[White "Wachinger, Nikolas"]
[Black "Pozzari, Simone"]
[Result "1-0"]
[WhiteElo "2432"]
[BlackElo "2290"]
[PlyCount "89"]
[EventDate "2024.02.19"]
[EventType "swiss"]
[EventRounds "9"]
[EventCountry "ENG"]
[SourceTitle "CB09_2024"]
[SourceDate "2024.02.28"]
[SourceVersion "1"]
[SourceVersionDate "2024.02.28"]
[SourceQuality "1"]

1. e4 e5 2. Nf3 Nc6 3. Bb5 a6 4. Ba4 Nf6 5. 0-0 Nxe4 6. d4 b5 7. Bb3 d5 8. dxe5 Be6 9. c3 Bc5 10. Nbd2 0-0 11. Bc2 Nxf2 12. Rxf2 f6 13. Nf1 Bxf2+ 14. Kxf2 fxe5 15. Kg1 Qd6 16. Bg5 Rae8 17. Bh4 e4 18. Bg3 Qd7 19. Nd4 Bg4 20. Qd2 Ne5 21. Bxe5 Rxe5 22. Ne3 c5 23. Nb3 Rc8 24. Nxc5 Rxc5 25. Qd4 Qd6 26. Nxg4 Rh5 27. Bb3 Rc8 28. Qxe4 Kh8 29. Qd4 Re8 30. Rd1 Qg6 31. h3 Rg5 32. Bxd5 h5 33. Ne3 Rge5 34. Nf1 Re2 35. Rd2 Re1 36. Rf2 Qg5 37. Bf3 Ra1 38. h4 Qg6 39. Qd5 Ree1 40. Qxh5+ Qxh5 41. Bxh5 g6 42. Bxg6 Rxa2 43. h5 Kg7 44. Kh2 a5 45. Ng3 1-0

[Event "ITA-ch U20 82nd"]
[Site "Brescia"]
[Date "2023.12.04"]
[Round "2"]
[White "Pozzari, Simone"]
[Black "Titze, Leo"]
[Result "1/2-1/2"]
[WhiteElo "2189"]
[BlackElo "2215"]
[PlyCount "116"]
[EventDate "2023.12.03"]
[EventType "tourn"]
[EventRounds "7"]
[EventCountry "ITA"]
[SourceTitle "CB50_2023"]
[SourceDate "2023.12.13"]
[SourceVersion "1"]
[SourceVersionDate "2023.12.13"]
[SourceQuality "1"]

1. e4 c5 2. Nf3 e6 3. c3 Nf6 4. e5 Nd5 5. d4 cxd4 6. cxd4 Nc6 7. Bc4 d6 8. 0-0 Be7 9. Qe2 0-0 10. a3 Bd7 11. Bd2 Rc8 12. Nc3 Nxc3 13. Bxc3 d5 14. Bd3 f5 15. exf6 Bxf6 16. Ne5 Bxe5 17. dxe5 Rf7 18. f4 Qb6+ 19. Kh1 d4 20. Bd2 Ne7 21. b4 Bc6 22. b5 Bd5 23. Rac1 Rxc1 24. Rxc1 Qd8 25. Kg1 b6 26. Qf2 Nf5 27. Bxf5 Rxf5 28. Qxd4 h5 29. a4 Qe8 30. Qc3 Rf8 31. Qd3 Qe7 32. Qg6 Bb7 33. h3 Rd8 34. Be3 h4 35. f5 exf5 36. e6 Rd6 37. Qxf5 Rxe6 38. Bg5 Qd7 39. Rf1 Be4 40. Qf8+ Kh7 41. Qf2 Kg8 42. Qxh4 Qd4+ 43. Kh2 Rg6 44. Qf4 Qd6 45. Rf2 Qxf4+ 46. Bxf4 Rf6 47. g3 Bd5 48. Re2 Bb3 49. Re4 Rf8 50. g4 Kf7 51. Kg3 Rd8 52. Bg5 Rd7 53. h4 Bc2 54. Rc4 Bb3 55. Rb4 Bc2 56. Kf4 Ke6 57. Rc4 Bb3 58. Re4+ Kd5 1/2-1/2

[Event "ITA-ch U20"]
[Site "Tarvisio"]
[Date "2023.07.08"]
[Round "8"]
[White "Markevichus, Yaraslau"]
[Black "Pozzari, Simone"]
[Result "1/2-1/2"]
[WhiteElo "1992"]
[BlackElo "2111"]
[PlyCount "43"]
[EventDate "2023.07.02"]
[EventType "swiss"]
[EventRounds "9"]
[EventCountry "ITA"]
[SourceTitle "EXT 2024"]
[Source "ChessBase"]
[SourceDate "2023.10.10"]
[SourceVersion "1"]
[SourceVersionDate "2023.10.10"]
[SourceQuality "1"]

1. d4 d5 2. c4 e6 3. g3 Nf6 4. Bg2 Bb4+ 5. Bd2 Be7 6. cxd5 exd5 7. Nc3 c6 8. Nh3 0-0 9. 0-0 Re8 10. Kh1 a5 11. f3 b5 12. Nf4 b4 13. Na4 Bd6 14. Re1 Bf5 15. Rc1 h5 16. Nc5 Qc8 17. Nfd3 Na6 18. Bg5 Nh7 19. Bd2 Nxc5 20. Nxc5 Nf6 21. Bg5 Nh7 22. Bd2 1/2-1/2

[Event "Treviso Master op 4th"]
[Site "Treviso"]
[Date "2023.04.02"]
[Round "5"]
[White "Kalosha, Zhiulien Oleksii"]
[Black "Pozzari, Simone"]
[Result "1/2-1/2"]
[WhiteElo "2196"]
[BlackElo "2097"]
[PlyCount "31"]
[EventDate "2023.03.31"]
[EventType "swiss"]
[EventRounds "5"]
[EventCountry "ITA"]
[SourceTitle "EXT 2024"]
[Source "ChessBase"]
[SourceDate "2023.10.10"]
[SourceVersion "1"]
[SourceVersionDate "2023.10.10"]
[SourceQuality "1"]

1. e4 e5 2. Nf3 Nc6 3. Bc4 Bc5 4. c3 Nf6 5. d3 a6 6. Bb3 d6 7. 0-0 Ba7 8. Nbd2 h6 9. Nc4 b5 10. Ne3 Be6 11. Re1 0-0 12. Bxe6 fxe6 13. Nf1 Ng4 14. Ne3 Nf6 15. Nf1 Ng4 16. Ne3 1/2-1/2

[Event "Treviso Master op 4th"]
[Site "Treviso"]
[Date "2023.04.01"]
[Round "3"]
[White "Loiacono, Leonardo"]
[Black "Pozzari, Simone"]
[Result "1/2-1/2"]
[WhiteElo "2303"]
[BlackElo "2097"]
[PlyCount "60"]
[EventDate "2023.03.31"]
[EventType "swiss"]
[EventRounds "5"]
[EventCountry "ITA"]
[SourceTitle "EXT 2024"]
[Source "ChessBase"]
[SourceDate "2023.10.10"]
[SourceVersion "1"]
[SourceVersionDate "2023.10.10"]
[SourceQuality "1"]

1. d4 d5 2. c4 e6 3. Nc3 c6 4. Nf3 dxc4 5. a4 Bb4 6. e3 b5 7. Bd2 a5 8. axb5 Bxc3 9. Bxc3 cxb5 10. b3 Bb7 11. bxc4 b4 12. Bb2 Nf6 13. Bd3 Nbd7 14. 0-0 0-0 15. c5 Bc6 16. Bc2 Qc8 17. Ba4 Rd8 18. Bxc6 Qxc6 19. Qa4 Qa6 20. Rfc1 Ne4 21. Ra2 Qd3 22. h3 b3 23. Ra3 Qe2 24. Rxb3 Qxf2+ 25. Kh2 Qg3+ 26. Kg1 Nf2 27. Bc3 Nxh3+ 28. Kh1 Nf2+ 29. Kg1 Nh3+ 30. Kh1 Nf2+ 1/2-1/2

[Event "Forni di Sopra op 13th"]
[Site "Forni di Sopra"]
[Date "2022.06.17"]
[Round "7"]
[White "Pozzari, Simone"]
[Black "Fiorido, Giuseppe"]
[Result "1-0"]
[WhiteElo "2184"]
[BlackElo "2002"]
[PlyCount "97"]
[EventDate "2022.06.12"]
[EventType "swiss"]
[EventRounds "9"]
[EventCountry "ITA"]
[SourceTitle "EXT 2023"]
[Source "ChessBase"]
[SourceDate "2022.10.05"]
[SourceVersion "1"]
[SourceVersionDate "2022.10.05"]
[SourceQuality "1"]

1. e4 c6 2. d4 d5 3. e5 Bf5 4. Nd2 e6 5. Nb3 Nd7 6. Nf3 Qb6 7. Be3 Rc8 8. Be2 a6 9. 0-0 Ne7 10. Ne1 h6 11. a4 Bh7 12. f4 Nf5 13. Bf2 Qd8 14. Nf3 c5 15. g4 Nxd4 16. Nbxd4 cxd4 17. Nxd4 Bc5 18. Bd3 Bxd3 19. Qxd3 Bxd4 20. Bxd4 Qh4 21. Qe2 h5 22. g5 Rc4 23. c3 g6 24. Qf3 Qg4+ 25. Qxg4 hxg4 26. Rf2 Rc8 27. Rg2 Nb8 28. Rxg4 Nc6 29. Bb6 Ne7 30. Ra3 Rc6 31. Bf2 Kd7 32. Rh4 Rxh4 33. Bxh4 Rc4 34. Bg3 Nc8 35. Kf2 Kc6 36. Ke2 Nb6 37. a5 Re4+ 38. Kf3 Nc4 39. Ra2 Kb5 40. b3 Nxa5 41. c4+ Kb4 42. Ra4+ Kxb3 43. Rxa5 Rxc4 44. Bf2 Ra4 45. Rxa4 Kxa4 46. h4 Kb5 47. f5 exf5 48. e6 fxe6 49. h5 1-0

[Event "Forni di Sopra op 13th"]
[Site "Forni di Sopra"]
[Date "2022.06.15"]
[Round "5"]
[White "Pozzari, Simone"]
[Black "Vezzosi, Paolo"]
[Result "0-1"]
[WhiteElo "2184"]
[BlackElo "2224"]
[PlyCount "99"]
[EventDate "2022.06.12"]
[EventType "swiss"]
[EventRounds "9"]
[EventCountry "ITA"]
[SourceTitle "EXT 2023"]
[Source "ChessBase"]
[SourceDate "2022.10.05"]
[SourceVersion "1"]
[SourceVersionDate "2022.10.05"]
[SourceQuality "1"]

1. e4 c6 2. d4 d5 3. Nc3 dxe4 4. Nxe4 Bf5 5. Ng3 Bg6 6. h4 h6 7. Nf3 Nd7 8. h5 Bh7 9. Bd3 Bxd3 10. Qxd3 e6 11. Bd2 Ngf6 12. 0-0-0 Qc7 13. Ne4 0-0-0 14. g3 Nc5 15. Nxc5 Bxc5 16. Qc4 Bb6 17. Rh4 Rd5 18. Bf4 Qe7 19. Ne5 Rhd8 20. Nxc6 bxc6 21. Qxc6+ Bc7 22. Qa6+ Kb8 23. Rd3 Bxf4+ 24. Rxf4 Ka8 25. Qc6+ Qb7 26. Qxb7+ Kxb7 27. g4 Rg5 28. f3 Ka8 29. Kd2 Ra5 30. a3 Rc8 31. b4 Ra6 32. b5 Ra4 33. Kc1 Rac4 34. Rd2 Rb8 35. Rd3 Rxb5 36. Kd2 Rb2 37. Rc3 Rxc3 38. Kxc3 Nd5+ 39. Kxb2 Nxf4 40. c4 Ne2 41. d5 exd5 42. cxd5 Kb7 43. Kb3 Kc7 44. Kc4 Kd6 45. Kb5 Nd4+ 46. Ka6 Nxf3 47. Kxa7 Nd4 48. Kb6 Kxd5 49. a4 Nb3 50. Kb5 0-1

[Event "Bassano del Grappa Easter op-A 2nd"]
[Site "Bassano del Grappa"]
[Date "2022.04.17"]
[Round "7"]
[White "Pozzari, Simone"]
[Black "Scherler, Julius"]
[Result "1/2-1/2"]
[WhiteElo "2227"]
[BlackElo "1968"]
[PlyCount "47"]
[EventDate "2022.04.14"]
[EventType "swiss"]
[EventRounds "9"]
[EventCountry "ITA"]
[SourceTitle "EXT 2024"]
[Source "ChessBase"]
[SourceDate "2023.10.10"]
[SourceVersion "1"]
[SourceVersionDate "2023.10.10"]
[SourceQuality "1"]

1. e4 c6 2. d4 d5 3. f3 e6 4. Nc3 Qb6 5. a3 Nf6 6. e5 Nfd7 7. f4 c5 8. Nf3 Nc6 9. Be3 cxd4 10. Nxd4 Bc5 11. Na4 Qa5+ 12. b4 Qxa4 13. bxc5 Qa5+ 14. Bd2 Qxc5 15. Nb5 0-0 16. Bd3 a6 17. Nd6 Qd4 18. Be2 Nc5 19. Rb1 f6 20. Qc1 fxe5 21. Be3 Qc3+ 22. Bd2 Qd4 23. Be3 Qc3+ 24. Bd2 1/2-1/2

[Event "Bassano del Grappa Easter op-A 2nd"]
[Site "Bassano del Grappa"]
[Date "2022.04.16"]
[Round "6"]
[White "Pozzari, Simone"]
[Black "Candian, Lorenzo"]
[Result "0-1"]
[WhiteElo "2227"]
[BlackElo "2012"]
[PlyCount "86"]
[EventDate "2022.04.14"]
[EventType "swiss"]
[EventRounds "9"]
[EventCountry "ITA"]
[SourceTitle "EXT 2024"]
[Source "ChessBase"]
[SourceDate "2023.10.10"]
[SourceVersion "1"]
[SourceVersionDate "2023.10.10"]
[SourceQuality "1"]

1. d4 c5 2. d5 e6 3. c4 d6 4. Nc3 exd5 5. cxd5 Nf6 6. e4 g6 7. Be2 Bg7 8. Nf3 0-0 9. 0-0 a6 10. a4 Re8 11. Nd2 b6 12. f4 Nbd7 13. Bf3 Rb8 14. Nc4 Qc7 15. e5 dxe5 16. d6 Qd8 17. fxe5 Nxe5 18. Nxe5 Rxe5 19. Bf4 Rf5 20. Qd2 Nh5 21. Bxh5 Rxh5 22. Ne4 Bb7 23. Bg5 Bd4+ 24. Kh1 Qd7 25. Qxd4 Qh3 26. gxh3 cxd4 27. Kg1 Bxe4 28. Be7 Rd5 29. Kf2 f5 30. Rac1 Kf7 31. Rfd1 Ke6 32. Bg5 f4 33. Be7 d3 34. Rc4 Kf5 35. Rc7 Ke6 36. Re1 d2 37. Rd1 Bf5 38. Rc3 b5 39. a5 b4 40. Rc6 b3 41. Ke2 Bd3+ 42. Kf3 Bc2 43. Ke2 f3+ 0-1

[Event "Robecchetto op 33rd"]
[Site "Robecchetto"]
[Date "2021.12.29"]
[Round "6"]
[White "Pozzari, Simone"]
[Black "Urbani, Gabriel"]
[Result "1-0"]
[WhiteElo "2257"]
[BlackElo "1973"]
[PlyCount "53"]
[EventDate "2021.12.26"]
[EventType "swiss"]
[EventRounds "7"]
[EventCountry "ITA"]
[SourceTitle "EXT 2023"]
[Source "ChessBase"]
[SourceDate "2022.10.05"]
[SourceVersion "1"]
[SourceVersionDate "2022.10.05"]
[SourceQuality "1"]

1. e4 e5 2. Nf3 Nc6 3. Bb5 a6 4. Ba4 Nf6 5. d3 b5 6. Bb3 Bc5 7. c3 d6 8. 0-0 0-0 9. Bg5 h6 10. Bh4 Rb8 11. Re1 Bg4 12. h3 Bc8 13. d4 Bb6 14. dxe5 Nxe5 15. Nxe5 dxe5 16. Nd2 Bb7 17. Qe2 Qe7 18. Bc2 Rfd8 19. Nf1 b4 20. cxb4 g5 21. Bg3 Rd4 22. Ne3 Bxe4 23. Bxe4 Rxe4 24. Nd5 Nxd5 25. Qxe4 Nxb4 26. a3 f5 27. Qxf5 1-0

[Event "Robecchetto op 33rd"]
[Site "Robecchetto"]
[Date "2021.12.27"]
[Round "2"]
[White "Pozzari, Simone"]
[Black "Shatil, Or"]
[Result "1-0"]
[WhiteElo "2257"]
[BlackElo "1801"]
[PlyCount "93"]
[EventDate "2021.12.26"]
[EventType "swiss"]
[EventRounds "7"]
[EventCountry "ITA"]
[SourceTitle "EXT 2023"]
[Source "ChessBase"]
[SourceDate "2022.10.05"]
[SourceVersion "1"]
[SourceVersionDate "2022.10.05"]
[SourceQuality "1"]

1. e4 c5 2. c3 d5 3. exd5 Qxd5 4. Nf3 Nf6 5. Na3 Bg4 6. Be2 e6 7. 0-0 Nc6 8. d4 cxd4 9. Nb5 Rc8 10. Nfxd4 Bxe2 11. Qxe2 Nxd4 12. Nxd4 Bc5 13. Rd1 0-0 14. Nb3 Qe4 15. Qxe4 Nxe4 16. Nxc5 Nxc5 17. Be3 Na4 18. Rd7 Nxb2 19. Rxb7 Na4 20. Rxa7 Nxc3 21. Kf1 Nd5 22. a4 Nxe3+ 23. fxe3 Ra8 24. Rxa8 Rxa8 25. Ke2 Kf8 26. Kd3 Ke7 27. Kc4 Kd6 28. Kb5 Kc7 29. Rc1+ Kb7 30. a5 Rd8 31. a6+ Kb8 32. Kb6 Rd6+ 33. Rc6 Rd7 34. e4 e5 35. g4 f6 36. Re6 Rd8 37. h4 Rc8 38. Re7 Rg8 39. g5 fxg5 40. hxg5 Rd8 41. Rxg7 Rd6+ 42. Kb5 h6 43. g6 h5 44. Rb7+ Ka8 45. g7 Rd8 46. Rf7 Rb8+ 47. Ka5 1-0

[Event "Robecchetto op 32nd"]
[Site "Robecchetto"]
[Date "2019.12.29"]
[Round "5"]
[White "Pozzari, Simone"]
[Black "Tramalloni, Luca"]
[Result "1-0"]
[WhiteElo "2122"]
[BlackElo "2017"]
[PlyCount "79"]
[EventDate "2019.12.26"]
[EventType "swiss"]
[EventRounds "6"]
[EventCountry "ITA"]
[SourceTitle "CBM 194 Extra"]
[Source "ChessBase"]
[SourceDate "2020.03.31"]
[SourceVersion "1"]
[SourceVersionDate "2020.03.31"]
[SourceQuality "1"]

1. d4 g6 2. e4 Bg7 3. Nc3 c6 4. Be3 Qb6 5. Rb1 d6 6. Qd2 Qc7 7. f3 Nd7 8. Bd3 e5 9. d5 Nb6 10. Nge2 Nf6 11. Bh6 0-0 12. h4 cxd5 13. h5 dxe4 14. Bxg7 Kxg7 15. Nxe4 Nxe4 16. Bxe4 Kg8 17. Qh6 Qe7 18. hxg6 f5 19. Bd3 d5 20. Kd1 e4 21. gxh7+ Kh8 22. Nf4 Rf6 23. Ng6+ Rxg6 24. Qxg6 Be6 25. Be2 Nd7 26. f4 d4 27. Rh6 Bxa2 28. Ra1 Bf7 29. Qxf5 e3 30. Qd3 Rd8 31. Kc1 Nc5 32. Qf5 Ne4 33. Qe5+ Qxe5 34. fxe5 Ng3 35. Bd3 Bd5 36. e6 Be4 37. Rxa7 Bxd3 38. cxd3 e2 39. Kd2 Kg7 40. e7 1-0

[Event "EU-ch U14"]
[Site "Bratislava"]
[Date "2019.08.09"]
[Round "8"]
[White "Pozzari, Simone"]
[Black "Antal, Hunor Zoltan"]
[Result "0-1"]
[WhiteElo "2127"]
[BlackElo "1926"]
[PlyCount "78"]
[EventDate "2019.08.02"]
[EventType "swiss"]
[EventRounds "9"]
[EventCountry "SVK"]
[SourceTitle "EXT 2020"]
[Source "ChessBase"]
[SourceDate "2019.10.17"]
[SourceVersion "1"]
[SourceVersionDate "2019.10.17"]
[SourceQuality "1"]

1. e4 e6 2. d4 d5 3. Nc3 Bb4 4. e5 c5 5. Qg4 Ne7 6. a3 Bxc3+ 7. bxc3 0-0 8. Bd3 c4 9. Bh6 Ng6 10. Bxg6 hxg6 11. Bd2 Qe8 12. f4 f6 13. Nf3 Nd7 14. 0-0 b5 15. Rae1 a5 16. Nh4 fxe5 17. fxe5 Rxf1+ 18. Rxf1 Nf8 19. Rf3 Ra7 20. Rg3 Rc7 21. Nxg6 Nxg6 22. Qh5 Qf8 23. Qxg6 Rf7 24. h4 Rf1+ 25. Kh2 Qf7 26. Qg4 Kh7 27. Be3 Bd7 28. Qe2 Rf5 29. Rh3 Be8 30. g4 Rf1 31. h5 Ra1 32. Rf3 Qe7 33. Qf2 Rxa3 34. Bf4 b4 35. Rh3 Rxc3 36. Rxc3 bxc3 37. Qg3 a4 38. g5 Bxh5 39. Qxc3 Qf7 0-1